000 00389nam a2200097Ia 4500
082 _a778.599 SQU
245 0 _aCamcorder handbook : [a creative course in the skills of home video-making, featuring specially developed video project s to help put theory into practice]
100 _a LANGFORD, Michael London, 1992
_972422
942 _cBK
008 210817s9999 xx 000 0 und d
999 _c236401
_d236400